[Event "Denizli op"]
[Site "Denizli"]
[Date "2025.07.07"]
[Round "1"]
[White "Fromm, Marius"]
[Black "Odeev, Handszar"]
[Result "1-0"]
[WhiteElo "2444"]
[BlackElo "2253"]
[PlyCount "100"]
[EventDate "2025.07.07"]
[EventType "swiss"]
[EventRounds "9"]
[EventCountry "TUR"]
[SourceTitle "CB29_2025"]
[SourceDate "2025.07.16"]
[SourceVersion "1"]
[SourceVersionDate "2025.07.16"]
[SourceQuality "1"]

1. e4 c5 2. Nf3 d6 3. Bb5+ Nd7 4. 0-0 a6 5. Be2 Ngf6 6. d3 b6 7. c4 g6 8. Nc3 Bb7 9. h3 Bg7 10. Be3 0-0 11. Qc2 Rc8 12. Rab1 e6 13. b4 cxb4 14. Rxb4 d5 15. Rfb1 dxe4 16. dxe4 b5 17. a4 Bc6 18. Nd4 bxc4 19. Rxc4 Ba8 20. f3 Rxc4 21. Bxc4 Qa5 22. Bf1 Rc8 23. Rc1 Ne8 24. Nb3 Qb4 25. Nd5 Rxc2 26. Nxb4 Rxc1 27. Bxc1 a5 28. Nxa5 Nc5 29. Bb5 Bd4+ 30. Kf1 Nd6 31. Nac6 Bc3 32. Be3 Nb3 33. Ke2 Na5 34. Nxa5 Nxb5 35. axb5 Bxb4 36. Nc6 Bd6 37. Kd3 Kf8 38. Kc4 Ke8 39. Na5 Kd7 40. b6 Bc6 41. Bc5 Bf4 42. Kd4 Bb8 43. Nxc6 Kxc6 44. e5 h5 45. h4 Kb5 46. Bd6 Bxd6 47. exd6 Kxb6 48. Ke5 Kc6 49. Kf6 Kxd6 50. Kxf7 Kd5 1-0

[Event "Cesme op-A 11th"]
[Site "Izmir"]
[Date "2025.06.26"]
[Round "5"]
[White "Fromm, Marius"]
[Black "Amirinasab, Abolfazl"]
[Result "1-0"]
[WhiteElo "2444"]
[BlackElo "2145"]
[PlyCount "89"]
[EventDate "2025.06.23"]
[EventType "swiss"]
[EventRounds "9"]
[EventCountry "TUR"]
[SourceTitle "CB27_2025"]
[SourceDate "2025.07.02"]
[SourceVersion "1"]
[SourceVersionDate "2025.07.02"]
[SourceQuality "1"]

1. e4 c5 2. Nf3 d6 3. Bb5+ Nd7 4. 0-0 Ngf6 5. Re1 a6 6. Bf1 e6 7. c3 b5 8. d4 Bb7 9. Nbd2 Be7 10. a4 cxd4 11. Nxd4 bxa4 12. Qxa4 Qc7 13. Qc2 0-0 14. N2b3 Nc5 15. Nxc5 dxc5 16. Nf3 Rfd8 17. Bg5 h6 18. Bh4 Nh5 19. Bxe7 Qxe7 20. Nd2 e5 21. Nc4 Nf6 22. f3 Qc7 23. Ra5 Ne8 24. Rea1 Rd7 25. Qb3 Re7 26. Qb6 Qxb6 27. Nxb6 Rb8 28. Na4 Bc6 29. Nxc5 Rxb2 30. Rxa6 Bb7 31. Ra7 Kf8 32. Nd3 Rc2 33. Rb1 Bc6 34. Ra3 Rd2 35. Ra5 f6 36. Rc5 Bb7 37. Rb6 Rd7 38. Nb4 Rd1 39. Kf2 R7d2+ 40. Be2 Rb1 41. Ke3 Rd7 42. Bb5 Re7 43. Bxe8 Kxe8 44. Rcb5 Bc8 45. Rb8 1-0

[Event "Cesme op-A 11th"]
[Site "Izmir"]
[Date "2025.06.24"]
[Round "3"]
[White "Yildiz, Serdar Murat"]
[Black "Fromm, Marius"]
[Result "1-0"]
[WhiteElo "2188"]
[BlackElo "2444"]
[PlyCount "63"]
[EventDate "2025.06.23"]
[EventType "swiss"]
[EventRounds "9"]
[EventCountry "TUR"]
[SourceTitle "CB27_2025"]
[SourceDate "2025.07.02"]
[SourceVersion "1"]
[SourceVersionDate "2025.07.02"]
[SourceQuality "1"]

1. e4 e6 2. d4 d5 3. Nc3 Bb4 4. Qd3 Ne7 5. Bf4 dxe4 6. Qxe4 Nbc6 7. Nf3 0-0 8. Bc4 Nd5 9. Bd2 Re8 10. 0-0 Nf6 11. Qh4 Ne7 12. Ne4 Ng6 13. Nxf6+ gxf6 14. Qh6 Bxd2 15. Qxd2 Qd6 16. Bb5 Bd7 17. Bxd7 Qxd7 18. Rad1 Rad8 19. Rfe1 Kg7 20. Re3 b6 21. c4 Qd6 22. Rd3 Qf4 23. Qc3 Qf5 24. Re3 c5 25. Rde1 cxd4 26. Nxd4 Qc5 27. Ne2 Ne5 28. Nf4 Qxc4 29. Nh5+ Kg6 30. Rg3+ Kxh5 31. Rxe5+ fxe5 32. Qf3+ 1-0

[Event "WchT Blitz Pool C"]
[Site "London"]
[Date "2025.06.14"]
[Round "10.1"]
[White "Fromm, Marius"]
[Black "D'Costa, Lorin AR"]
[Result "1-0"]
[WhiteElo "2444"]
[BlackElo "2370"]
[PlyCount "107"]
[EventDate "2025.06.14"]
[EventType "team-tourn"]
[EventRounds "13"]
[EventCountry "ENG"]
[SourceTitle "CB25_2025"]
[SourceDate "2025.06.18"]
[SourceVersion "1"]
[SourceVersionDate "2025.06.18"]
[SourceQuality "1"]
[WhiteTeam "Berlin Chess Federation"]
[BlackTeam "Chess Rising Stars"]
[WhiteTeamCountry "GER"]
[BlackTeamCountry "GRE"]

1. e4 c5 2. Nf3 e6 3. d3 Nc6 4. g3 d5 5. Qe2 Nge7 6. h4 b6 7. Bg2 Bb7 8. h5 h6 9. Bf4 dxe4 10. dxe4 Nb4 11. 0-0 Ba6 12. c4 Qd3 13. Qxd3 Nxd3 14. b3 Nxf4 15. gxf4 Nc6 16. Nc3 0-0-0 17. Rad1 Be7 18. e5 Bb7 19. Kh2 Nb4 20. Kg3 Rxd1 21. Rxd1 Rd8 22. Rxd8+ Kxd8 23. Ne1 Bxg2 24. Nxg2 Kd7 25. Ne3 a6 26. f5 Nd3 27. f4 exf5 28. Nxf5 Bf8 29. Nd5 b5 30. Nfe3 Nc1 31. cxb5 axb5 32. a4 Nxb3 33. axb5 Nd4 34. b6 Kc6 35. Kg4 Nb5 36. f5 Nd4 37. Kf4 c4 38. b7 Kxb7 39. Nxc4 Kc6 40. Nde3 Bc5 41. Ke4 Ne2 42. Kf3 Nd4+ 43. Kg4 Nb5 44. f6 gxf6 45. exf6 Bf8 46. Ne5+ Kd6 47. Nxf7+ Ke6 48. Nxh6 Bxh6 49. Nf5 Bd2 50. h6 Bc3 51. Ng7+ Kf7 52. h7 Bxf6 53. h8Q Bxg7 54. Qh5+ 1-0

[Event "WchT Blitz Pool C"]
[Site "London"]
[Date "2025.06.14"]
[Round "3.1"]
[White "Fromm, Marius"]
[Black "Ganerdene, Sugar"]
[Result "0-1"]
[WhiteElo "2444"]
[BlackElo "2454"]
[PlyCount "91"]
[EventDate "2025.06.14"]
[EventType "team-tourn"]
[EventRounds "13"]
[EventCountry "ENG"]
[SourceTitle "CB25_2025"]
[SourceDate "2025.06.18"]
[SourceVersion "1"]
[SourceVersionDate "2025.06.18"]
[SourceQuality "1"]
[WhiteTeam "Berlin Chess Federation"]
[BlackTeam "Mongolia II"]
[WhiteTeamCountry "GER"]
[BlackTeamCountry "MGL"]

1. e4 c5 2. Nf3 d6 3. Bb5+ Nd7 4. Ba4 a6 5. c4 Ngf6 6. Nc3 e6 7. 0-0 Be7 8. d3 0-0 9. Qe2 Ne5 10. Ne1 Nc6 11. Bxc6 bxc6 12. f4 d5 13. Nf3 a5 14. b3 Bb7 15. Ba3 Re8 16. Rac1 Nd7 17. e5 f6 18. exf6 Bxf6 19. Ne5 Bxe5 20. fxe5 Qg5 21. Rce1 Rf8 22. Na4 Rxf1+ 23. Rxf1 Rf8 24. Rxf8+ Nxf8 25. Nxc5 Bc8 26. Bb2 Ng6 27. h3 h5 28. a3 h4 29. b4 axb4 30. axb4 Qg3 31. Qf2 Qg5 32. b5 cxb5 33. cxb5 Nf4 34. Qf3 Ng6 35. b6 Qd2 36. Bd4 Qb4 37. Qe3 Qxb6 38. Qg5 Kf7 39. Kh2 Qb4 40. Qg4 Qd2 41. Qf3+ Qf4+ 42. Qxf4+ Nxf4 43. g3 Ng6 44. gxh4 Nxh4 45. Nb3 Bd7 46. Kh1 0-1

[Event "WchT Blitz Pool C"]
[Site "London"]
[Date "2025.06.14"]
[Round "5.1"]
[White "Fromm, Marius"]
[Black "Pichot, Alan"]
[Result "0-1"]
[WhiteElo "2444"]
[BlackElo "2588"]
[PlyCount "118"]
[EventDate "2025.06.14"]
[EventType "team-tourn"]
[EventRounds "13"]
[EventCountry "ENG"]
[SourceTitle "CB25_2025"]
[SourceDate "2025.06.18"]
[SourceVersion "1"]
[SourceVersionDate "2025.06.18"]
[SourceQuality "1"]
[WhiteTeam "Berlin Chess Federation"]
[BlackTeam "Duobeniajan Costa Calida"]
[WhiteTeamCountry "GER"]
[BlackTeamCountry "ESP"]

1. e4 e5 2. Nf3 Nc6 3. Bb5 g6 4. c3 a6 5. Ba4 d6 6. d4 Bd7 7. 0-0 Bg7 8. Re1 Nf6 9. d5 Ne7 10. c4 0-0 11. Nc3 h6 12. h3 Bxa4 13. Nxa4 Nd7 14. Be3 f5 15. Rc1 Nf6 16. Nc3 Qd7 17. b4 f4 18. Bd2 g5 19. c5 g4 20. hxg4 Qxg4 21. Nh2 Qg5 22. Nf3 Qh5 23. Nh2 Qg6 24. a4 Nh7 25. Qg4 Ng5 26. Nf3 Nxf3+ 27. Qxf3 h5 28. Kf1 Rad8 29. cxd6 cxd6 30. Ke2 Kf7 31. Rh1 Rh8 32. a5 Ng8 33. Na4 Nf6 34. Rc7+ Rd7 35. Rxd7+ Nxd7 36. Rc1 Nf6 37. Rc7+ Kg8 38. Nc3 Kh7 39. Rxb7 Rc8 40. b5 axb5 41. a6 b4 42. Rxb4 Ra8 43. Ra4 Qe8 44. Qd3 Qc8 45. Qb5 Qg4+ 46. Kf1 f3 47. gxf3 Qxf3 48. Ke1 Ng4 49. Qe2 Qh1+ 50. Qf1 Qh2 51. a7 Bf6 52. Be3 Bh4 53. Bb6 Qf4 54. Kd1 Qf3+ 55. Kc2 Bxf2 56. Bxf2 Ne3+ 57. Bxe3 Qxf1 58. Bd2 h4 59. Kb3 h3 0-1

[Event "WchT Rapid"]
[Site "London"]
[Date "2025.06.13"]
[Round "9.2"]
[White "Fromm, Marius"]
[Black "Makaraci, Tunahan"]
[Result "1/2-1/2"]
[WhiteElo "2320"]
[BlackElo "2151"]
[PlyCount "127"]
[EventDate "2025.06.11"]
[EventType "team-swiss"]
[EventRounds "12"]
[EventCountry "ENG"]
[SourceTitle "CB25_2025"]
[SourceDate "2025.06.18"]
[SourceVersion "1"]
[SourceVersionDate "2025.06.18"]
[SourceQuality "1"]
[WhiteTeam "Berlin Chess Federation"]
[BlackTeam "Istanbul Satranc"]
[WhiteTeamCountry "GER"]
[BlackTeamCountry "TUR"]

1. e4 c5 2. Nf3 d6 3. Bb5+ Nc6 4. 0-0 Bd7 5. Re1 Nf6 6. c3 a6 7. Bf1 Bg4 8. h3 Bxf3 9. Qxf3 g6 10. d3 Bg7 11. Be3 0-0 12. Nd2 Nd7 13. Qd1 b5 14. Nf3 b4 15. d4 Qa5 16. Qc2 bxc3 17. bxc3 Rfc8 18. d5 Nce5 19. Nxe5 Nxe5 20. Rab1 Rab8 21. c4 Nd7 22. Bd2 Qc7 23. Rxb8 Rxb8 24. Rb1 Rxb1 25. Qxb1 Qb6 26. Qb3 Qxb3 27. axb3 Bd4 28. g3 Nf6 29. Bd3 Kf8 30. Kg2 Ke8 31. f4 Nd7 32. Kf3 f6 33. h4 Kf7 34. Bf1 e6 35. dxe6+ Kxe6 36. Bh3+ Ke7 37. Bg4 Bb2 38. Bxd7 Kxd7 39. g4 Bd4 40. f5 Ke7 41. Bf4 Be5 42. Bxe5 dxe5 43. fxg6 hxg6 44. Ke3 Ke6 45. Kd3 Kf7 46. Kc3 a5 47. Kd3 Ke6 48. Ke3 Kf7 49. Kf3 Ke6 50. Kg2 Kf7 51. Kg3 Ke6 52. Kh2 Kf7 53. Kg2 Ke6 54. Kf2 Kf7 55. Kg3 Ke6 56. h5 Kf7 57. Kh4 g5+ 58. Kg3 Kg7 59. Kf3 Kf7 60. Ke3 Kg7 61. Kd3 Kf7 62. Kc2 Kg7 63. Kb2 Kf7 64. Kc2 1/2-1/2

[Event "WchT Rapid"]
[Site "London"]
[Date "2025.06.12"]
[Round "6.2"]
[White "Fromm, Marius"]
[Black "Krivenko, Dion"]
[Result "1-0"]
[WhiteElo "2320"]
[BlackElo "2221"]
[PlyCount "59"]
[EventDate "2025.06.11"]
[EventType "team-swiss"]
[EventRounds "12"]
[EventCountry "ENG"]
[SourceTitle "CB25_2025"]
[SourceDate "2025.06.18"]
[SourceVersion "1"]
[SourceVersionDate "2025.06.18"]
[SourceQuality "1"]
[WhiteTeam "Berlin Chess Federation"]
[BlackTeam "OlalaStars"]
[WhiteTeamCountry "GER"]
[BlackTeamCountry "EST"]

1. e4 g6 2. d4 d6 3. Nc3 Bg7 4. Be3 a6 5. Nf3 b5 6. h4 Bb7 7. h5 gxh5 8. Bd3 Nf6 9. e5 Ng4 10. Bf4 dxe5 11. dxe5 Nd7 12. Rxh5 Bxf3 13. Qxf3 Ngxe5 14. Qg3 Nxd3+ 15. cxd3 Bxc3+ 16. bxc3 Nf6 17. Rc5 Qd7 18. Rxc7 Qf5 19. Qf3 Nd5 20. Rc5 Qxf4 21. Qxd5 0-0 22. Qh5 Kh8 23. Ke2 Qf6 24. Rh1 Qe6+ 25. Re5 Qg6 26. Qh4 Rad8 27. Rh3 Rg8 28. Rg5 Qe6+ 29. Kf1 Rxg5 30. Qxh7# 1-0

[Event "WchT Rapid"]
[Site "London"]
[Date "2025.06.12"]
[Round "7.2"]
[White "Fromm, Marius"]
[Black "Short, Nigel D"]
[Result "1/2-1/2"]
[WhiteElo "2320"]
[BlackElo "2533"]
[PlyCount "105"]
[EventDate "2025.06.11"]
[EventType "team-swiss"]
[EventRounds "12"]
[EventCountry "ENG"]
[SourceTitle "CB25_2025"]
[SourceDate "2025.06.18"]
[SourceVersion "1"]
[SourceVersionDate "2025.06.18"]
[SourceQuality "1"]
[WhiteTeam "Berlin Chess Federation"]
[BlackTeam "FIDE MB Team"]
[WhiteTeamCountry "GER"]

1. e4 e6 2. d4 d5 3. Nc3 Nf6 4. e5 Nfd7 5. f4 c5 6. Nf3 Nc6 7. Be3 Be7 8. a3 b6 9. Bb5 Qc7 10. Qe2 a6 11. Bxc6 Qxc6 12. 0-0 0-0 13. Rad1 a5 14. a4 Ba6 15. Nb5 Rac8 16. c3 f5 17. Kh1 Rf7 18. Rg1 Nf8 19. g4 Bxb5 20. axb5 Qe8 21. gxf5 Rxf5 22. Rg4 c4 23. Rdg1 g6 24. Bf2 Qxb5 25. Bh4 Kf7 26. Qf2 Qd7 27. Bf6 Ke8 28. Bg7 Kd8 29. Bxf8 Rxf8 30. h4 Rf5 31. Nh2 Kc7 32. Nf1 Rcf8 33. Ng3 R5f7 34. Qe3 h5 35. Rxg6 Rxf4 36. Rg2 Kb8 37. Nxh5 Rxh4+ 38. Rh2 Qe8 39. Qg3 Rxh2+ 40. Kxh2 Rh8 41. Qg4 Qf7 42. Kg2 Qh7 43. Qxe6 Bd8 44. Rg7 Qe4+ 45. Kg1 Qb1+ 46. Kg2 Qxb2+ 47. Kg1 Qc1+ 48. Kg2 Qd2+ 49. Kg1 Qe1+ 50. Kg2 Qe4+ 51. Kg1 Qe1+ 52. Kg2 Qe2+ 53. Kg1 1/2-1/2

[Event "WchT Rapid"]
[Site "London"]
[Date "2025.06.12"]
[Round "5.2"]
[White "Kistrup, Nicolai"]
[Black "Fromm, Marius"]
[Result "0-1"]
[WhiteElo "2221"]
[BlackElo "2320"]
[PlyCount "48"]
[EventDate "2025.06.11"]
[EventType "team-swiss"]
[EventRounds "12"]
[EventCountry "ENG"]
[SourceTitle "CB25_2025"]
[SourceDate "2025.06.18"]
[SourceVersion "1"]
[SourceVersionDate "2025.06.18"]
[SourceQuality "1"]
[WhiteTeam "Danish Futures"]
[BlackTeam "Berlin Chess Federation"]
[WhiteTeamCountry "DEN"]
[BlackTeamCountry "GER"]

1. c4 e5 2. Nc3 Nf6 3. Nf3 Nc6 4. g3 Bb4 5. Nd5 e4 6. Nh4 0-0 7. Bg2 d6 8. a3 Bc5 9. 0-0 Re8 10. e3 g5 11. b4 gxh4 12. bxc5 dxc5 13. f3 Nxd5 14. cxd5 Qxd5 15. Bb2 hxg3 16. hxg3 Qg5 17. fxe4 Ne5 18. Qb3 c4 19. Qc3 Qxg3 20. Rf2 Bh3 21. Kf1 Re6 22. Bxh3 Qxh3+ 23. Rg2+ Rg6 24. Qxe5 Qh1+ 0-1

[Event "AUT-chT Blitz"]
[Site "Pasching"]
[Date "2025.05.31"]
[Round "8.14"]
[White "Fromm, Marius"]
[Black "Peyrer, Konstantin"]
[Result "0-1"]
[WhiteElo "2436"]
[BlackElo "2480"]
[PlyCount "84"]
[EventDate "2025.05.31"]
[EventType "team-swiss (blitz)"]
[EventRounds "13"]
[EventCountry "AUT"]
[SourceTitle "CB23_2025"]
[SourceDate "2025.06.04"]
[SourceVersion "1"]
[SourceVersionDate "2025.06.04"]
[SourceQuality "1"]
[WhiteTeam "Skull Kings"]
[BlackTeam "SpaceBar Crushers"]
[WhiteTeamCountry "GER"]
[BlackTeamCountry "AUT"]

1. e4 e5 2. Nf3 Nc6 3. Bb5 a6 4. Ba4 Nf6 5. Nc3 Bc5 6. 0-0 0-0 7. Bxc6 dxc6 8. d3 Nd7 9. Be3 Qe7 10. h3 a5 11. a4 Bb4 12. Ne2 b6 13. Ng3 g6 14. Nh2 f6 15. f4 exf4 16. Bxf4 Ne5 17. Nf3 Nxf3+ 18. Qxf3 Be6 19. Kh1 Rad8 20. Rf2 Bc5 21. Be3 Bd6 22. Bf4 c5 23. b3 Bxf4 24. Qxf4 Qd6 25. Raf1 Qxf4 26. Rxf4 Kg7 27. Kh2 c6 28. Ra1 Ra8 29. Nf1 f5 30. exf5 Bxf5 31. Ne3 Be6 32. Rxf8 Rxf8 33. Rf1 Re8 34. Rf3 Bd5 35. Rg3 Re5 36. Kg1 Bf7 37. Kf2 b5 38. Rg4 h5 39. Re4 Rxe4 40. dxe4 Kf6 41. Ke2 Ke5 42. Kd3 Kf4 0-1

[Event "Sardinia World op-A"]
[Site "Orosei"]
[Date "2025.04.30"]
[Round "6"]
[White "Narayanan, Sunilduth Lyna"]
[Black "Fromm, Marius"]
[Result "1/2-1/2"]
[WhiteElo "2601"]
[BlackElo "2436"]
[PlyCount "87"]
[EventDate "2025.04.27"]
[EventType "swiss"]
[EventRounds "9"]
[EventCountry "ITA"]
[SourceTitle "CB19_2025"]
[SourceDate "2025.05.07"]
[SourceVersion "1"]
[SourceVersionDate "2025.05.07"]
[SourceQuality "1"]

1. d4 Nf6 2. c4 e6 3. Nf3 d5 4. Nc3 Nbd7 5. cxd5 exd5 6. Bg5 c6 7. e3 h6 8. Bh4 Be7 9. Qc2 0-0 10. Bd3 Re8 11. Nd2 Nh5 12. Bxe7 Qxe7 13. 0-0 g6 14. Rab1 Ndf6 15. b4 Ng7 16. b5 c5 17. dxc5 Qxc5 18. Nb3 Qd6 19. h3 Bf5 20. Rfd1 Rac8 21. Qb2 Qe5 22. Nd4 Bxd3 23. Rxd3 Nf5 24. Nf3 Qe6 25. Rbd1 Rc5 26. Qb3 Ne7 27. Qa3 Rec8 28. Nd4 Qd7 29. Nc6 b6 30. Na4 Nxc6 31. Nxc5 bxc5 32. bxc6 Qxc6 33. Rc3 h5 34. Qxa7 Ne4 35. Rb3 Qf6 36. f3 Nc3 37. Rb8 Rxb8 38. Qxb8+ Kh7 39. Rd2 Qh4 40. Kf1 Qc4+ 41. Kg1 Ne4 42. Rd1 Qe2 43. Rxd5 Nd2 44. Rxd2 1/2-1/2

[Event "Sardinia World op-A"]
[Site "Orosei"]
[Date "2025.04.27"]
[Round "2"]
[White "Maisuradze, Nino"]
[Black "Fromm, Marius"]
[Result "0-1"]
[WhiteElo "2189"]
[BlackElo "2436"]
[PlyCount "114"]
[EventDate "2025.04.27"]
[EventType "swiss"]
[EventRounds "9"]
[EventCountry "ITA"]
[SourceTitle "CB19_2025"]
[SourceDate "2025.05.07"]
[SourceVersion "1"]
[SourceVersionDate "2025.05.07"]
[SourceQuality "1"]

1. d4 Nf6 2. c4 e6 3. Nf3 d5 4. cxd5 exd5 5. Nc3 c6 6. Bf4 Bf5 7. e3 Bd6 8. Bxd6 Qxd6 9. Nh4 Be6 10. Bd3 0-0 11. 0-0 Nbd7 12. f4 Nb6 13. h3 Rfe8 14. b3 Bd7 15. Re1 a5 16. Nf3 a4 17. Ne5 Qb4 18. Qc2 axb3 19. Qxb3 Qa5 20. Rab1 Bc8 21. Qc2 Na4 22. Nxa4 Qxa4 23. Qxa4 Rxa4 24. Rb2 Re7 25. Rc1 Ne8 26. Kf2 Ra3 27. Rd1 Nd6 28. g4 f6 29. Nf3 Rxe3 30. Rb3 Rxb3 31. axb3 Re8 32. Ra1 Kf7 33. f5 Re7 34. Ra8 Ke8 35. Nd2 Kd8 36. Ra1 Kc7 37. b4 b6 38. Rc1 Bd7 39. b5 Re8 40. bxc6 Bxc6 41. h4 Kb7 42. Ra1 Bb5 43. Bxb5 Nxb5 44. Ra4 Nc3 45. Ra3 Ne4+ 46. Nxe4 Rxe4 47. Kf3 h5 48. gxh5 Rxh4 49. Ra1 Rxh5 50. Kg4 Rh2 51. Re1 Kc6 52. Re6+ Kb5 53. Rd6 Rd2 54. Kf3 Rd3+ 55. Ke2 Rxd4 56. Rd7 Kc6 57. Rxg7 Rf4 0-1

[Event "Asnieres sur Seine Trophy Dalkia"]
[Site "Asnieres sur Seine"]
[Date "2025.04.20"]
[Round "3"]
[White "Guichard, Pauline"]
[Black "Fromm, Marius"]
[Result "0-1"]
[WhiteElo "2355"]
[BlackElo "2436"]
[PlyCount "68"]
[EventDate "2025.04.18"]
[EventType "tourn"]
[EventRounds "9"]
[EventCountry "FRA"]
[EventCategory "9"]
[SourceTitle "CB18_2025"]
[SourceDate "2025.04.30"]
[SourceVersion "1"]
[SourceVersionDate "2025.04.30"]
[SourceQuality "1"]

1. d4 e6 2. c4 b6 3. a3 Bb7 4. Nc3 Nf6 5. d5 Bd6 6. Nf3 0-0 7. g3 c6 8. Bg2 exd5 9. cxd5 cxd5 10. 0-0 Na6 11. b4 Nc7 12. Bg5 h6 13. Be3 Re8 14. Bd4 Ne4 15. Rc1 Rc8 16. Re1 Ne6 17. Qd3 Nxd4 18. Qxd4 Rc4 19. Qd3 Qc8 20. Nxe4 Rexe4 21. Qb1 Rxe2 22. Rcd1 Rxe1+ 23. Rxe1 Re4 24. Nh4 Rxe1+ 25. Qxe1 Bf8 26. Qd2 Qc4 27. Nf5 Qb3 28. Ne3 Qxa3 29. Bxd5 Bxd5 30. Nxd5 Qb3 31. h4 Qc4 32. Kh2 Qb5 33. Qd4 a5 34. Qe5 Qf1 0-1

[Event "EU-ch 25th"]
[Site "Eforie Nord"]
[Date "2025.03.26"]
[Round "11"]
[White "Fromm, Marius"]
[Black "Lodici, Lorenzo"]
[Result "0-1"]
[WhiteElo "2444"]
[BlackElo "2559"]
[PlyCount "78"]
[EventDate "2025.03.15"]
[EventType "swiss"]
[EventRounds "11"]
[EventCountry "ROU"]
[SourceTitle "CB13_2025"]
[SourceDate "2025.03.26"]
[SourceVersion "1"]
[SourceVersionDate "2025.03.26"]
[SourceQuality "1"]

1. e4 g6 2. d4 Bg7 3. Nc3 a6 4. f4 d5 5. Nxd5 e6 6. Ne3 Qxd4 7. Bd3 Qb4+ 8. c3 Bxc3+ 9. bxc3 Qxc3+ 10. Qd2 Qxa1 11. Nf3 Qg7 12. 0-0 Nc6 13. Bb2 f6 14. f5 gxf5 15. exf5 Nge7 16. Bc4 b5 17. Bb3 Qh6 18. fxe6 Na5 19. Ng5 Qxg5 20. Bxf6 Nxb3 21. axb3 Qc5 22. Bxh8 Bxe6 23. Rc1 Qd6 24. Qc3 b4 25. Qb2 c5 26. Be5 Qb6 27. Nc4 Bxc4 28. Rxc4 Rd8 29. h3 Rd5 30. Bg3 Kd7 31. Kh2 Nf5 32. Re4 Rd4 33. Qe2 Qc6 34. Re5 Nxg3 35. Kxg3 Qd6 36. Qh5 Rd3+ 37. Kh2 Re3 38. Qf5+ Kc7 39. Qf7+ Kb6 0-1

[Event "Berlin Federation GM"]
[Site "Berlin"]
[Date "2025.03.02"]
[Round "9"]
[White "Dotzer, Lukas"]
[Black "Fromm, Marius"]
[Result "0-1"]
[WhiteElo "2413"]
[BlackElo "2453"]
[PlyCount "90"]
[EventDate "2025.02.24"]
[EventType "tourn"]
[EventRounds "9"]
[EventCountry "GER"]
[EventCategory "8"]
[SourceTitle "CB10_2025"]
[SourceDate "2025.03.05"]
[SourceVersion "1"]
[SourceVersionDate "2025.03.05"]
[SourceQuality "1"]

1. e4 e6 2. d4 d5 3. Nc3 Nf6 4. e5 Nfd7 5. f4 c5 6. Nf3 Nc6 7. Be3 Be7 8. Qd2 a6 9. Be2 b5 10. Nd1 0-0 11. c3 b4 12. 0-0 a5 13. Nf2 cxd4 14. cxd4 Qb6 15. Nh3 f5 16. exf6 Nxf6 17. Nf2 Ba6 18. Rfe1 b3 19. a3 a4 20. Ne5 Rac8 21. Rac1 Na5 22. Bxa6 Qxa6 23. Rxc8 Rxc8 24. Rc1 Rxc1+ 25. Qxc1 Nc4 26. Nfd3 Ne4 27. Nc5 Nxc5 28. dxc5 Qb5 29. Nxc4 dxc4 30. f5 exf5 31. Qd2 Qc6 32. Qd4 Qe4 33. Kf2 Qxd4 34. Bxd4 Kf7 35. c6 Bd6 36. Ke3 Ke6 37. Bxg7 Kd5 38. g3 Bc5+ 39. Kf4 Kxc6 40. Kxf5 Kd5 41. Bh6 Bxa3 42. Bg7 Bxb2 43. Bxb2 c3 44. Bxc3 a3 45. Kf4 b2 0-1

[Event "Berlin Federation GM"]
[Site "Berlin"]
[Date "2025.02.25"]
[Round "3"]
[White "Fromm, Marius"]
[Black "Schmidek, Emil"]
[Result "1/2-1/2"]
[WhiteElo "2453"]
[BlackElo "2436"]
[PlyCount "246"]
[EventDate "2025.02.24"]
[EventType "tourn"]
[EventRounds "9"]
[EventCountry "GER"]
[EventCategory "8"]
[SourceTitle "CB10_2025"]
[SourceDate "2025.03.05"]
[SourceVersion "1"]
[SourceVersionDate "2025.03.05"]
[SourceQuality "1"]

1. e4 c6 2. Nc3 d5 3. Nf3 Bg4 4. h3 Bxf3 5. Qxf3 e6 6. Be2 Nf6 7. 0-0 d4 8. Nb1 Bd6 9. d3 Bc7 10. g3 c5 11. Nd2 Nc6 12. Qg2 Qe7 13. f4 e5 14. Nf3 Nd7 15. a3 0-0-0 16. h4 h6 17. Bd2 exf4 18. gxf4 g5 19. hxg5 hxg5 20. fxg5 Nce5 21. Kf2 Nxf3 22. Qxf3 Rh2+ 23. Ke1 Rdh8 24. Kd1 Ne5 25. Qf5+ Qe6 26. Bf4 Rg2 27. Kd2 Rh3 28. g6 Qxf5 29. exf5 fxg6 30. Bxe5 Bxe5 31. f6 Rh8 32. f7 Rf8 33. c3 g5 34. Rf5 Bf4+ 35. Ke1 Rg1+ 36. Bf1 Kd7 37. cxd4 cxd4 38. Rd5+ Ke6 39. Rxd4 Rxf7 40. Ke2 Ke5 41. Rd8 g4 42. d4+ Ke6 43. Re8+ Kd6 44. Rg8 Rh7 45. Rf8 Re7+ 46. Kd3 Re3+ 47. Kc4 Bg5 48. Rg8 Bf6 49. Rd1 a6 50. a4 Rgg3 51. Rd3 b5+ 52. axb5 axb5+ 53. Kxb5 Rxd3 54. Bxd3 Rxd3 55. Rxg4 Kd5 56. b4 Rb3 57. Ka4 Rb1 58. Rg8 Be7 59. Rb8 Bd6 60. Rb6 Bc7 61. Rb5+ Kxd4 62. Rh5 Bd6 63. Rh4+ Kd5 64. Kb5 Be7 65. Rg4 Rf1 66. Rg7 Rf5 67. Rg4 Bg5 68. Rc4 Be7 69. Rg4 Rh5 70. Ka4 Rh1 71. Kb5 Rh8 72. Rg6 Rh4 73. Rg7 Rxb4+ 74. Ka5 Bd6 75. Rg1 Rb3 76. Ka4 Rb4+ 77. Ka5 Kc6 78. Rc1+ Bc5 79. Rc3 Rh4 80. Rc2 Rg4 81. Rc3 Rf4 82. Rc2 Re4 83. Rc3 Rh4 84. Rc2 Rg4 85. Rc3 Rf4 86. Rc2 Rf3 87. Ra2 Rc3 88. Ka4 Kd5 89. Rb2 Kc6 90. Ra2 Be7 91. Ra1 Kc5 92. Rb1 Bd6 93. Rd1 Be5 94. Rb1 Bd6 95. Rd1 Kc6 96. Ra1 Rh3 97. Ra2 Rd3 98. Ra1 Kd5 99. Rb1 Bc5 100. Rb2 Kc6 101. Ra2 Be7 102. Rc2+ Kd5 103. Rb2 Rc3 104. Kb5 Bc5 105. Ka4 Ra3+ 106. Kb5 Bd4 107. Rc2 Bc3 108. Rg2 Rb3+ 109. Ka6 Kc6 110. Rg6+ Kc7 111. Rh6 Be5 112. Ka5 Bd6 113. Ka4 Rb4+ 114. Ka5 Rb1 115. Ka4 Kc6 116. Rh4 Be7 117. Rc4+ Kd5 118. Rg4 Bc5 119. Ka5 Bd4 120. Rg5+ Kc4 121. Ka6 Rb6+ 122. Ka5 Rf6 123. Rg4 Rh6 1/2-1/2